000 00624cam a22002173a 4500
001 35207
003 PGUSA
005 20140828083747.0
008 110207s2011||||xxu|||||s|||||000 | eng d
040 _aPGUSA
_beng
042 _adc
100 1 _aDunn, Byron A.
_q(Byron Archibald),
_d1842-1926
245 1 4 _aThe Courier of the Ozarks
_h[electronic resource] /
_cByron A. Dunn
260 _bProject Gutenberg,
_c2011
506 _aPublic domain in the USA.
516 _aElectronic text
700 1 _aLay, H. S. de
830 0 _aProject Gutenberg
_v35207
856 4 0 _uhttp://www.gutenberg.org/ebooks/35207
942 _cEB
999 _c264462
_d264462